[Event "SVK-chT4 A21 1819"]
[Site "Slovakia"]
[Date "2019.01.20"]
[Round "7.5"]
[White "Danihel, Jozef"]
[Black "Jancovicova, Petra"]
[Result "0-1"]
[WhiteElo "1521"]
[BlackElo "1654"]
[PlyCount "142"]
[EventDate "2018.10.14"]
[EventType "team-tourn"]
[EventRounds "11"]
[EventCountry "SVK"]
[SourceTitle "CBM 189 Extra"]
[Source "ChessBase"]
[SourceDate "2019.06.03"]
[SourceVersion "1"]
[SourceVersionDate "2019.06.03"]
[SourceQuality "1"]
[WhiteTeam "Skalica III"]
[BlackTeam "Vrbove"]
[WhiteTeamCountry "SVK"]
[BlackTeamCountry "SVK"]

1. d4 Nf6 2. c4 e6 3. a3 d5 4. e3 c5 5. Nf3 Nc6 6. cxd5 Nxd5 7. Bc4 Nf6 8. 0-0 cxd4 9. exd4 Be7 10. Nc3 0-0 11. Ba2 Qb6 12. b4 Rd8 13. Be3 Qc7 14. Qc2 b6 15. Rac1 Bb7 16. Bb1 g6 17. Ne2 Qd7 18. Rfd1 Rac8 19. Qb3 Qd5 20. Qb2 Qd7 21. Ba2 Nd5 22. b5 Na5 23. Ne5 Qd6 24. Bd2 Qxa3 25. Qxa3 Bxa3 26. Rxc8 Rxc8 27. Bxa5 bxa5 28. Nc4 Bb4 29. Bb3 Nc3 30. Nxc3 Bxc3 31. Nd6 Rb8 32. Rd3 Bb4 33. Nxb7 Rxb7 34. d5 exd5 35. Rxd5 Re7 36. g3 Rc7 37. Kg2 Kf8 38. h4 h5 39. Bd1 Ke7 40. Ba4 Ke6 41. Rd3 Bc5 42. Bb3+ Kf6 43. Rf3+ Kg7 44. Ba4 Bb6 45. Bb3 Rd7 46. Rc3 Rd2 47. Rf3 f6 48. Kf1 Rb2 49. Kg2 Bxf2 50. Rxf2 Rxb3 51. Ra2 Rxb5 52. Ra3 Kf7 53. Kf3 Ke6 54. Ke4 Rb4+ 55. Kf3 a4 56. Kg2 Kd5 57. Rd3+ Kc4 58. Rd7 a3 59. Rxa7 Rb2+ 60. Kf3 a2 61. Ke4 Rg2 62. Kf3 Rb2 63. Ke4 f5+ 64. Kf4 Kb3 65. Rb7+ Kc2 66. Ra7 Kb1 67. Kg5 a1Q 68. Rxa1+ Kxa1 69. Kxg6 Rg2 70. Kxf5 Rxg3 71. Kf4 Rg4+ 0-1

[Event "SVK-chT4 A21 1819"]
[Site "Slovakia"]
[Date "2018.12.02"]
[Round "4.4"]
[White "Dubecky, Ladislav"]
[Black "Danihel, Jozef"]
[Result "1-0"]
[WhiteElo "1585"]
[BlackElo "1521"]
[PlyCount "40"]
[EventDate "2018.10.14"]
[EventType "team-tourn"]
[EventRounds "11"]
[EventCountry "SVK"]
[SourceTitle "CBM 189 Extra"]
[Source "ChessBase"]
[SourceDate "2019.06.03"]
[SourceVersion "1"]
[SourceVersionDate "2019.06.03"]
[SourceQuality "1"]
[WhiteTeam "Kopcany"]
[BlackTeam "Skalica III"]
[WhiteTeamCountry "SVK"]
[BlackTeamCountry "SVK"]

1. e4 d5 2. exd5 Nf6 3. c4 e6 4. dxe6 Bxe6 5. d4 c6 6. Nf3 Nbd7 7. Bg5 Bb4+ 8. Nc3 0-0 9. Be2 Qc7 10. 0-0 Rfe8 11. a3 Be7 12. b4 a5 13. c5 Nd5 14. Ne4 axb4 15. axb4 Rxa1 16. Qxa1 Bf5 17. Ng3 Bxg5 18. Nxg5 Qf4 19. Nh3 Bxh3 20. gxh3 Qxd4 1-0

[Event "SVK-chT4 A21 1819"]
[Site "Slovakia"]
[Date "2018.10.28"]
[Round "2.4"]
[White "Sedlak, Rastislav"]
[Black "Danihel, Jozef"]
[Result "1/2-1/2"]
[WhiteElo "1655"]
[BlackElo "1521"]
[PlyCount "99"]
[EventDate "2018.10.14"]
[EventType "team-tourn"]
[EventRounds "11"]
[EventCountry "SVK"]
[SourceTitle "CBM 189 Extra"]
[Source "ChessBase"]
[SourceDate "2019.06.03"]
[SourceVersion "1"]
[SourceVersionDate "2019.06.03"]
[SourceQuality "1"]
[WhiteTeam "Piestany Kupele II"]
[BlackTeam "Skalica III"]
[WhiteTeamCountry "SVK"]
[BlackTeamCountry "SVK"]

1. e4 d5 2. exd5 Nf6 3. d4 Nxd5 4. Nf3 e6 5. Bd3 c5 6. 0-0 cxd4 7. Nxd4 Bc5 8. Nf3 0-0 9. a3 a6 10. Be4 Nf6 11. Nc3 Qc7 12. Bg5 Nbd7 13. h3 Nxe4 14. Nxe4 Ba7 15. c3 f6 16. Bh4 Ne5 17. Nxe5 Qxe5 18. Re1 Qc7 19. Qd6 Qxd6 20. Nxd6 e5 21. Rad1 Be6 22. b4 b5 23. Kf1 Rab8 24. f3 Rfd8 25. Bf2 Bxf2 26. Kxf2 Kf8 27. Ne4 Ke7 28. Nc5 Bc8 29. Rxd8 Kxd8 30. g4 Ke7 31. f4 Kd6 32. Rd1+ Ke7 33. fxe5 f5 34. g5 Rb6 35. h4 h6 36. Kg3 hxg5 37. hxg5 Rg6 38. Kf4 Rc6 39. Rh1 Be6 40. Rh7 Kf7 41. Nxe6 Kxe6 42. Rxg7 Rc4+ 43. Ke3 Rxc3+ 44. Kd4 Rc4+ 45. Kd3 Kxe5 46. Re7+ Kd6 47. Ra7 Ke5 48. g6 Rc6 49. g7 Rg6 50. Rxa6 1/2-1/2

[Event "SVK-chT4 A21 1718"]
[Site "Slovakia"]
[Date "2018.01.28"]
[Round "8.5"]
[White "Danihel, Jozef"]
[Black "Mraz, Jan"]
[Result "0-1"]
[WhiteElo "1511"]
[BlackElo "1623"]
[PlyCount "114"]
[EventDate "2017.10.01"]
[EventType "team-tourn"]
[EventRounds "11"]
[EventCountry "SVK"]
[SourceTitle "EXT 2019"]
[Source "ChessBase"]
[SourceDate "2018.10.10"]
[SourceVersion "1"]
[SourceVersionDate "2018.10.10"]
[SourceQuality "1"]
[WhiteTeam "Skalica II"]
[BlackTeam "Gbely Nafta III"]
[WhiteTeamCountry "SVK"]
[BlackTeamCountry "SVK"]

1. d4 g6 2. Nf3 Bg7 3. Nc3 d6 4. h3 Nd7 5. e4 b6 6. Be3 Bb7 7. Bd3 e6 8. Qd2 Ne7 9. 0-0 Nf6 10. Nh2 0-0 11. f4 c5 12. Nf3 cxd4 13. Bxd4 d5 14. e5 Ne4 15. Bxe4 dxe4 16. Ng5 Nf5 17. Rad1 Ng3 18. Rf2 h6 19. Kh2 hxg5 20. Kxg3 Bh6 21. Be3 Qc7 22. Qd6 Qxd6 23. Rxd6 gxf4+ 24. Bxf4 g5 25. Be3 Bg7 26. Bd4 Rad8 27. Rxd8 Rxd8 28. Ne2 Rd5 29. c3 Bxe5+ 30. Bxe5 Rxe5 31. Kh2 f5 32. g3 e3 33. Rf1 Rd5 34. Nd4 e5 35. Nxf5 Rd2+ 36. Kg1 Rg2+ 37. Kh1 Rxb2+ 38. Kg1 Rg2+ 39. Kh1 Rxg3+ 40. Kh2 Rg2+ 41. Kh1 Rxa2+ 42. Kg1 Rg2+ 43. Kh1 Rf2+ 44. Kg1 Rxf1+ 45. Kxf1 Ba6+ 46. Ke1 e2 47. Ne3 Bd3 48. Ng4 e4 49. Ne5 Kg7 50. Nc6 a5 51. Ne5 a4 52. Nc6 a3 53. Nb4 Bc4 54. Nc2 a2 55. Kd2 Bd3 56. Na1 Kf6 57. Nb3 Kf5 0-1

[Event "SVK-chT4 A21 1718"]
[Site "Slovakia"]
[Date "2017.10.15"]
[Round "2.4"]
[White "Piestansky, Jan"]
[Black "Danihel, Jozef"]
[Result "1-0"]
[WhiteElo "1650"]
[BlackElo "1509"]
[PlyCount "92"]
[EventDate "2017.10.01"]
[EventType "team-tourn"]
[EventRounds "11"]
[EventCountry "SVK"]
[SourceTitle "EXT 2019"]
[Source "ChessBase"]
[SourceDate "2018.10.10"]
[SourceVersion "1"]
[SourceVersionDate "2018.10.10"]
[SourceQuality "1"]
[WhiteTeam "Chtelnica Kamenar"]
[BlackTeam "Skalica II"]
[WhiteTeamCountry "SVK"]
[BlackTeamCountry "SVK"]

1. e4 d5 2. exd5 Nf6 3. d4 Nxd5 4. h3 a6 5. c3 e6 6. Nf3 b5 7. Bd3 Nd7 8. Bd2 Bb7 9. 0-0 N5f6 10. Bf4 Bd6 11. Bxd6 cxd6 12. Re1 0-0 13. Nbd2 Qe7 14. Nf1 e5 15. dxe5 dxe5 16. Ng3 Rfe8 17. Ne4 Nxe4 18. Bxe4 Bxe4 19. Rxe4 Nf6 20. Re2 Rad8 21. Qe1 Nd7 22. Rd1 f6 23. Red2 e4 24. Nd4 Nc5 25. Qe3 Nd3 26. f3 exf3 27. Qxd3 fxg2 28. Rxg2 Rd5 29. Qg3 Re5 30. Nf3 Qa7+ 31. Nd4 Rg5 32. Qf2 Rxg2+ 33. Qxg2 Qe7 34. Rf1 Qe3+ 35. Kh1 Re5 36. Qf3 Qd2 37. Rf2 Qc1+ 38. Rf1 Qc2 39. Qf2 Qd3 40. Kh2 Re3 41. Qg2 Rg3 42. Qxg3 Qxf1 43. Qf3 Qc1 44. Qd5+ Kf8 45. Qd6+ Kf7 46. Qe6+ Kg6 1-0

[Event "SVK-chT3A2 1617"]
[Site "Slovakia"]
[Date "2017.02.19"]
[Round "9.3"]
[White "Danihel, Jozef"]
[Black "Minarik, Jozef"]
[Result "1-0"]
[WhiteElo "1517"]
[BlackElo "1272"]
[PlyCount "59"]
[EventDate "2016.10.16"]
[EventType "team-tourn"]
[EventRounds "11"]
[EventCountry "SVK"]
[SourceTitle "EXT 2020"]
[Source "ChessBase"]
[SourceDate "2019.10.17"]
[SourceVersion "1"]
[SourceVersionDate "2019.10.17"]
[SourceQuality "1"]
[WhiteTeam "Skalica II"]
[BlackTeam "Dunajska Streda II"]
[WhiteTeamCountry "SVK"]
[BlackTeamCountry "SVK"]

1. d4 Nf6 2. Nf3 d5 3. e3 Bg4 4. Be2 e6 5. a3 Bd6 6. Nc3 Nc6 7. b4 Ne7 8. Nd2 Bxe2 9. Qxe2 0-0 10. 0-0 c6 11. Nf3 Ng6 12. e4 dxe4 13. Nxe4 Nxe4 14. Qxe4 h6 15. Bb2 Be7 16. Rad1 Qd6 17. g3 Qd5 18. Qxd5 cxd5 19. Rc1 b5 20. a4 bxa4 21. Ra1 Bd6 22. Rxa4 Rfb8 23. c3 Bc7 24. Rfa1 Bb6 25. Ra6 Kf8 26. Nd2 Ke8 27. c4 dxc4 28. Nxc4 Ne7 29. Nxb6 Rxb6 30. Rxb6 1-0

[Event "SVK-chT3A2 1516"]
[Site "Slovakia"]
[Date "2015.12.20"]
[Round "5.6"]
[White "Danihel, Jozef"]
[Black "Gogora, Kristian"]
[Result "0-1"]
[WhiteElo "1589"]
[BlackElo "1584"]
[PlyCount "78"]
[EventDate "2015.10.11"]
[EventType "team-tourn"]
[EventRounds "11"]
[EventCountry "SVK"]
[SourceTitle "EXT 2020"]
[Source "ChessBase"]
[SourceDate "2019.10.17"]
[SourceVersion "1"]
[SourceVersionDate "2019.10.17"]
[SourceQuality "1"]
[WhiteTeam "Skalica II"]
[BlackTeam "Dunajska Streda II"]
[WhiteTeamCountry "SVK"]
[BlackTeamCountry "SVK"]

1. d4 Nf6 2. c4 g6 3. Nc3 d6 4. Nf3 Bg7 5. h3 0-0 6. e4 e5 7. d5 Nbd7 8. Be3 Nh5 9. g4 Nhf6 10. Be2 Nb6 11. Qd2 a5 12. Rc1 a4 13. Bg5 Nbd7 14. Bd1 Nc5 15. Qe3 c6 16. Nxe5 Ncxe4 17. Nxe4 Qa5+ 18. Qc3 Nxe4 19. Qxa5 Rxa5 20. Nf3 Nxg5 21. Nxg5 cxd5 22. Nf3 Bxb2 23. Rc2 a3 24. 0-0 dxc4 25. Rxc4 Be6 26. Rc7 Bxa2 27. Rxb7 Bc4 28. Re1 a2 29. Rxb2 a1Q 30. Rb7 Bd5 31. Rbe7 Bxf3 32. Bxf3 Qc3 33. R7e3 Qc5 34. Rd1 Ra3 35. Rxa3 Qxa3 36. Bg2 Rc8 37. Kh2 Rc2 38. Rf1 Qc5 39. Kg3 Rc1 0-1

[Event "SVK-chT4 A21 1516"]
[Site "Slovakia"]
[Date "2015.11.08"]
[Round "3.3"]
[White "Danihel, Jozef"]
[Black "Podjavorinsky, Peter"]
[Result "1/2-1/2"]
[WhiteElo "1569"]
[BlackElo "1694"]
[PlyCount "50"]
[EventDate "2015.10.04"]
[EventType "team-tourn"]
[EventRounds "11"]
[EventCountry "SVK"]
[SourceTitle "CBM 170 Extra"]
[Source "ChessBase"]
[SourceDate "2016.02.25"]
[SourceVersion "1"]
[SourceVersionDate "2016.02.25"]
[SourceQuality "1"]
[WhiteTeam "Skalica III"]
[BlackTeam "Vrbove III"]
[WhiteTeamCountry "SVK"]
[BlackTeamCountry "SVK"]

1. d4 Nf6 2. c4 d5 3. Nc3 g6 4. h3 Bg7 5. Nf3 0-0 6. Bg5 c6 7. e3 Ne4 8. Bf4 Nxc3 9. bxc3 c5 10. Qc2 cxd4 11. exd4 Qa5 12. Bd3 Nc6 13. 0-0 dxc4 14. Bxc4 e5 15. dxe5 Nxe5 16. Nxe5 Bxe5 17. Bxe5 Qxe5 18. Rfe1 Qg5 19. Re3 Bd7 20. Rg3 Qf6 21. Re1 Rae8 22. Rge3 Bc6 23. Kf1 Rxe3 24. Rxe3 Qf4 25. Qb3 Qg5 1/2-1/2

[Event "SVK-chT4 A21 1516"]
[Site "Slovakia"]
[Date "2015.10.18"]
[Round "2.4"]
[White "Huska, Branislav"]
[Black "Danihel, Jozef"]
[Result "1/2-1/2"]
[WhiteElo "1766"]
[BlackElo "1589"]
[PlyCount "25"]
[EventDate "2015.10.04"]
[EventType "team-tourn"]
[EventRounds "11"]
[EventCountry "SVK"]
[SourceTitle "CBM 170 Extra"]
[Source "ChessBase"]
[SourceDate "2016.02.25"]
[SourceVersion "1"]
[SourceVersionDate "2016.02.25"]
[SourceQuality "1"]
[WhiteTeam "Senica SK II"]
[BlackTeam "Skalica III"]
[WhiteTeamCountry "SVK"]
[BlackTeamCountry "SVK"]

1. e4 d5 2. exd5 Nf6 3. Nf3 Nxd5 4. d4 Bg4 5. Be2 e6 6. c4 Nb6 7. Nc3 Nc6 8. a3 Bxf3 9. Bxf3 Be7 10. Be3 0-0 11. b3 Rb8 12. Bxc6 bxc6 13. Qe2 1/2-1/2

[Event "SVK-chT5 SE-SI 1213"]
[Site "Slovakia"]
[Date "2013.01.26"]
[Round "10.4"]
[White "Danihel, Jozef"]
[Black "Tomasovic, Roman"]
[Result "0-1"]
[WhiteElo "1566"]
[BlackElo "1277"]
[PlyCount "119"]
[EventDate "2012.10.06"]
[EventType "team-tourn"]
[EventRounds "14"]
[EventCountry "SVK"]
[SourceTitle "EXT 2022"]
[Source "ChessBase"]
[SourceDate "2021.10.06"]
[SourceVersion "1"]
[SourceVersionDate "2021.10.06"]
[SourceQuality "1"]
[WhiteTeam "Skalica IV"]
[BlackTeam "Stefanov II"]
[WhiteTeamCountry "SVK"]
[BlackTeamCountry "SVK"]

1. d4 d5 2. c4 e6 3. Nc3 Nf6 4. Nf3 Be7 5. e3 c6 6. Bd3 h6 7. Qc2 Na6 8. a3 Qa5 9. Qb1 Qd8 10. 0-0 Nc7 11. b3 b6 12. Bb2 0-0 13. Re1 Nd7 14. Qc2 f5 15. Rac1 Bb7 16. Ne2 g5 17. cxd5 Nxd5 18. Ne5 Nxe5 19. dxe5 Nc7 20. Red1 Qe8 21. Bc4 b5 22. Bd3 Qf7 23. Nd4 c5 24. Nxb5 Nxb5 25. Bxb5 Rfd8 26. Qe2 Rac8 27. Rxd8+ Bxd8 28. Qd3 Bb6 29. Qe2 Rd8 30. Rd1 Kg7 31. Rxd8 Bxd8 32. Qd3 Bb6 33. Bc4 Bc7 34. a4 Qe7 35. f3 Kf7 36. g4 Kg6 37. Kf2 Bc6 38. Qc2 Bd7 39. Bd3 Bb6 40. Qc4 Kf7 41. gxf5 Kf8 42. f6 Qf7 43. Ba3 Kg8 44. Bxc5 Qh5 45. Kg2 Bxc5 46. Qxc5 g4 47. Kh1 gxf3 48. Qe7 Qf7 49. Qd8+ Be8 50. Bc4 Qg6 51. Bxe6+ Kh8 52. Qxe8+ Qxe8 53. f7 Qe7 54. Bd5 Kg7 55. Bxf3 Qxe5 56. e4 Kxf7 57. Kg2 Qb2+ 58. Kg3 Qxb3 59. h4 Qxa4 60. Kf4 0-1

[Event "SVK-chT4A21 1213"]
[Site "Slovakia"]
[Date "2012.11.25"]
[Round "4.5"]
[White "Sadlon, Matus"]
[Black "Danihel, Jozef"]
[Result "1/2-1/2"]
[WhiteElo "1596"]
[BlackElo "1566"]
[PlyCount "71"]
[EventDate "2012.10.14"]
[EventType "team-tourn"]
[EventRounds "11"]
[EventCountry "SVK"]
[SourceTitle "EXT 2022"]
[Source "ChessBase"]
[SourceDate "2021.10.06"]
[SourceVersion "1"]
[SourceVersionDate "2021.10.06"]
[SourceQuality "1"]
[WhiteTeam "Brezova CVC"]
[BlackTeam "Skalica II"]
[WhiteTeamCountry "SVK"]
[BlackTeamCountry "SVK"]

1. e4 d5 2. exd5 Nf6 3. c4 e6 4. dxe6 Bxe6 5. d4 Bb4+ 6. Nc3 0-0 7. a3 Bxc3+ 8. bxc3 Re8 9. Be3 Nbd7 10. Bd3 c6 11. Nf3 h6 12. h3 Nb6 13. Qe2 Qe7 14. 0-0 Rad8 15. Ne5 Bc8 16. a4 Nbd7 17. Nxd7 Bxd7 18. Rfe1 Ne4 19. Bd2 Qh4 20. Bxe4 f5 21. f3 fxe4 22. fxe4 Re6 23. Qf2 Qe7 24. e5 Rg6 25. Re3 Rf8 26. Rf3 Bxh3 27. Rxf8+ Qxf8 28. Qxf8+ Kxf8 29. Rf1+ Ke7 30. Rf2 Be6 31. c5 Bd5 32. Kh2 Rg4 33. g3 Re4 34. a5 a6 35. Kg1 Bc4 36. Kh2 1/2-1/2

[Event "SVK-chT4A21 1213"]
[Site "Slovakia"]
[Date "2012.10.14"]
[Round "1.4"]
[White "Bango, Lukas"]
[Black "Danihel, Jozef"]
[Result "1-0"]
[WhiteElo "1722"]
[BlackElo "1566"]
[PlyCount "109"]
[EventDate "2012.10.14"]
[EventType "team-tourn"]
[EventRounds "11"]
[EventCountry "SVK"]
[SourceTitle "EXT 2022"]
[Source "ChessBase"]
[SourceDate "2021.10.06"]
[SourceVersion "1"]
[SourceVersionDate "2021.10.06"]
[SourceQuality "1"]
[WhiteTeam "Modranka Komplet Juniors"]
[BlackTeam "Skalica II"]
[WhiteTeamCountry "SVK"]
[BlackTeamCountry "SVK"]

1. Nf3 d5 2. c4 e6 3. g3 b6 4. Bg2 Bb7 5. d4 Nf6 6. 0-0 Be7 7. Nbd2 Nbd7 8. e3 c5 9. cxd5 Bxd5 10. Re1 Ne4 11. Nxe4 Bxe4 12. dxc5 Nxc5 13. Nd4 Bxg2 14. Kxg2 Qd5+ 15. Qf3 Qxf3+ 16. Kxf3 e5 17. Nb5 e4+ 18. Ke2 0-0 19. b3 Bf6 20. Rb1 Nd3 21. Rd1 a6 22. Nd6 Nc5 23. Ba3 Be7 24. Bxc5 bxc5 25. Nxe4 f5 26. Nc3 Rfd8 27. Nd5 Kf7 28. Nxe7 Kxe7 29. Rbc1 Rxd1 30. Kxd1 Rd8+ 31. Ke2 Rd5 32. Rd1 Ke6 33. Rxd5 Kxd5 34. Kd3 a5 35. a4 h6 36. f3 g5 37. e4+ fxe4+ 38. fxe4+ Ke5 39. Kc4 Kxe4 40. Kxc5 Kf3 41. b4 axb4 42. Kxb4 Kg2 43. a5 Kxh2 44. a6 Kxg3 45. a7 g4 46. a8Q h5 47. Kc3 h4 48. Kd3 h3 49. Ke2 h2 50. Qh1 Kh3 51. Kf2 g3+ 52. Kf1 Kg4 53. Kg2 Kh4 54. Qe1 Kg4 55. Qxg3+ 1-0

[Event "SVK-chT5 SE-SI 1213"]
[Site "Slovakia"]
[Date "2012.10.13"]
[Round "2.3"]
[White "Trojkova, Michaela"]
[Black "Danihel, Jozef"]
[Result "0-1"]
[WhiteElo "1199"]
[BlackElo "1566"]
[PlyCount "150"]
[EventDate "2012.10.06"]
[EventType "team-tourn"]
[EventRounds "14"]
[EventCountry "SVK"]
[SourceTitle "EXT 2022"]
[Source "ChessBase"]
[SourceDate "2021.10.06"]
[SourceVersion "1"]
[SourceVersionDate "2021.10.06"]
[SourceQuality "1"]
[WhiteTeam "Senica CVC III"]
[BlackTeam "Skalica IV"]
[WhiteTeamCountry "SVK"]
[BlackTeamCountry "SVK"]

1. e4 d5 2. exd5 Nf6 3. Bb5+ c6 4. dxc6 bxc6 5. Be2 e5 6. Nc3 Bc5 7. d3 0-0 8. Bg5 h6 9. Bh4 Bf5 10. Nf3 Nbd7 11. 0-0 Bb6 12. Bxf6 Nxf6 13. Nxe5 Qd6 14. Nc4 Qb8 15. Nxb6 axb6 16. Re1 Qc7 17. Bf3 b5 18. Ne4 Nd5 19. Ng3 Bh7 20. Bxd5 cxd5 21. c3 f5 22. Qf3 Rad8 23. Ne2 g5 24. Nd4 g4 25. Qg3 Qxg3 26. hxg3 f4 27. gxf4 Rde8 28. Ne6 Rf7 29. d4 Rfe7 30. f5 Bxf5 31. Re5 Bxe6 32. Rae1 Kf7 33. a3 Bd7 34. Rxe7+ Rxe7 35. Rxe7+ Kxe7 36. f4 g3 37. Kf1 Bg4 38. Ke1 h5 39. b3 Kf6 40. a4 bxa4 41. bxa4 Bc8 42. Ke2 Ba6+ 43. Kf3 h4 44. Kg4 Kg6 45. Kxh4 Kf5 46. Kxg3 Bc4 47. Kf3 Bd3 48. g4+ Kf6 49. g5+ Kf5 50. Ke3 Bc4 51. a5 Ba6 52. Kf3 Bd3 53. Kg3 Bc4 54. Kh4 Be2 55. a6 Bxa6 56. Kh5 Bb5 57. Kh6 Be8 58. Kg7 Kxf4 59. g6 Kf5 60. Kf8 Bxg6 61. Ke7 Ke4 62. Kd6 Bf7 63. Kc5 Kd3 64. Kb4 Be6 65. Kb3 Bc8 66. Kb4 Ba6 67. Kb3 Bc4+ 68. Kb2 Kd2 69. Kb1 Kxc3 70. Kc1 Kxd4 71. Kd2 Bb3 72. Kc1 Kc3 73. Kb1 d4 74. Kc1 d3 75. Kb1 d2 0-1

[Event "SVK-ch sf 33rd corr"]
[Site "Slovakia"]
[Date "2004.??.??"]
[Round "?"]
[White "Danihel, Jozef"]
[Black "Szegi, Viktor"]
[Result "0-1"]
[WhiteElo "1996"]
[BlackElo "1958"]
[PlyCount "52"]
[EventDate "2003.??.??"]
[EventType "tourn (corr)"]
[EventRounds "12"]
[EventCountry "SVK"]
[SourceTitle "Corr 2006"]
[Source "ChessBase"]
[SourceDate "2006.04.01"]
[SourceVersion "3"]
[SourceVersionDate "2006.04.01"]
[SourceQuality "1"]

1. e4 c5 2. Nf3 Nc6 3. d4 cxd4 4. Nxd4 e5 5. Nb5 d6 6. N1c3 a6 7. Na3 b5 8. Nd5 Nf6 9. Bg5 Be7 10. Bxf6 Bxf6 11. c3 0-0 12. Be2 Bg5 13. 0-0 Bb7 14. Nc2 Nb8 15. Bg4 Ra7 16. Re1 Nd7 17. Qf3 Nc5 18. Rad1 g6 19. Nce3 Bc6 20. Re2 f5 21. exf5 e4 22. Qg3 Bh4 23. Qh3 h5 24. f6 Bxf6 25. Be6+ Kg7 26. Nf4 Be5 0-1

[Event "SVK-ch sf 33rd corr"]
[Site "Slovakia"]
[Date "2004.??.??"]
[Round "?"]
[White "Simoncic, Ladislav"]
[Black "Danihel, Jozef"]
[Result "1-0"]
[WhiteElo "2053"]
[BlackElo "1996"]
[PlyCount "53"]
[EventDate "2003.??.??"]
[EventType "tourn (corr)"]
[EventRounds "12"]
[EventCountry "SVK"]
[SourceTitle "Corr 2006"]
[Source "ChessBase"]
[SourceDate "2006.04.01"]
[SourceVersion "3"]
[SourceVersionDate "2006.04.01"]
[SourceQuality "1"]

1. e4 c5 2. Nf3 Nc6 3. d4 cxd4 4. Nxd4 Nf6 5. Nc3 e5 6. Nb3 d6 7. Bg5 Be7 8. Be2 0-0 9. Qd2 Ng4 10. Bxe7 Qxe7 11. Rd1 Rd8 12. Nd5 Qh4 13. g3 Qh3 14. Bf1 Qh6 15. Bb5 Rd7 16. f3 Qxd2+ 17. Rxd2 Nh6 18. 0-0 f5 19. Ne3 Rd8 20. Rfd1 fxe4 21. fxe4 Be6 22. Bxc6 bxc6 23. Rxd6 Rxd6 24. Rxd6 Bh3 25. Rxc6 Rf8 26. Nd2 Rd8 27. Nf3 1-0

[Event "SVK-ch sf 33rd corr"]
[Site "Slovakia"]
[Date "2004.??.??"]
[Round "?"]
[White "Szegi, Viktor"]
[Black "Danihel, Jozef"]
[Result "1-0"]
[WhiteElo "1958"]
[BlackElo "1996"]
[PlyCount "49"]
[EventDate "2003.??.??"]
[EventType "tourn (corr)"]
[EventRounds "12"]
[EventCountry "SVK"]
[SourceTitle "Corr 2006"]
[Source "ChessBase"]
[SourceDate "2006.04.01"]
[SourceVersion "3"]
[SourceVersionDate "2006.04.01"]
[SourceQuality "1"]

1. e4 c5 2. Nf3 Nc6 3. Bb5 g6 4. Bxc6 dxc6 5. h3 Bg7 6. d3 Nf6 7. Nc3 0-0 8. Be3 b6 9. Qd2 Re8 10. 0-0-0 Qc7 11. Bh6 e5 12. Nh2 Bxh6 13. Qxh6 Nh5 14. Ng4 f6 15. Ne2 Rf8 16. g3 Be6 17. Qe3 Qe7 18. Kb1 Ng7 19. f4 exf4 20. gxf4 Rad8 21. Ng3 Rfe8 22. Rdg1 Kh8 23. Nf2 Qf7 24. a3 a5 25. h4 1-0